000 01487cam a22004094i 4500
003 PE-LiUPU
005 20250731183409.0
008 171204s2013 sp a r0 001 0 spa d
020 _a9788415832065
035 _a(Sirsi) a240275
040 _aPE-LiUPU
_bspa
_cPE-LiUPU
_erda
041 1 _aspa
_heng
049 _aPRUA
082 0 4 _a720.4
_bE42
_223
100 1 _aFoster, Hal
_eautor.
245 1 3 _aEl Complejo arte-arquitectura /
_cHal Foster.
264 1 _aMadrid :
_bTurner,
_c2013.
300 _a346 páginas :
_bilustraciones ;
_c22 centímetros
336 _atext
_2rdacontent
337 _aunmediated
_2rdamedia
338 _avolume
_2rdacarrier
504 _aÍndice : páginas 335-346.
505 0 _aConstrucción de imágen -- Estilos globales -- La arquitectura frente al arte -- Los medios apartir dl minimalismo -- Edificios frente a imagenes.
526 _aP158
526 _aP146
526 _aP17
526 _aP12
526 _aP06
526 8 _iPrograma académico :
_5PE-LiUPU
541 _g003-1758;
650 0 4 _aArte y arquitectura.
650 0 4 _aArt and architecture.
910 _adbm
_bksl
_cksl
_d20171204
596 _a1
942 _2ddc
_cBOOK
999 _a720.4 E42
_wLC
_c25941
_i77385
_d25941
_e2018-3-6
_f2021-11-9
_g4
_lCCODEBUL1
_mBUL
_n1
_p27.30
_r0
_sY
_tBOOK
_u2017-12-4
_xINGENIERIA
_PP06
_0COMPRA
_o.STAFF. Colección Ingeniería y Arquitectura
980 _81
_gALBERTO SANCHEZ Responsable de Automatización